MARC

LEADER 00000nam0a2200000 4500
001 317280
005 20231102002946.0
035 |a (RuTPU)RU\TPU\book\342748 
090 |a 317280 
100 |a 20160406d1957 k y0rusy50 ca 
101 0 |a rus 
102 |a RU 
105 |a a z 001zy 
200 1 |a Внутрикотловые физико-химические процессы, водоподготовка и водные режимы котлов на электростанциях высоких и сверхвысоких параметров  |e [сборник]  |f Академия наук СССР (АН СССР), Энергетический институт им. Г. М. Кржижановского, Комиссия по пару высоких параметров ; под ред. И. И. Черняева [и др.] 
210 |a Москва  |c Изд-во АН СССР  |d 1957 
215 |a 594 с.  |c ил. 
320 |a Библиогр. в конце ст. 
606 1 |a Тепловые электрические станции  |x Водный режим  |2 stltpush  |3 (RuTPU)RU\TPU\subj\59606  |9 77116 
610 1 |a котлы 
610 1 |a физико-химические процессы 
610 1 |a пар 
610 1 |a загрязнения 
610 1 |a вспенивание 
610 1 |a радиоактивные изотопы 
610 1 |a водные режимы 
610 1 |a теплохимические испытания 
610 1 |a прямоточные котлы 
610 1 |a паровые турбины 
610 1 |a твердые отложения 
610 1 |a накипь 
610 1 |a фазовый состав 
610 1 |a паросиловое оборудование 
610 1 |a коррозия 
610 1 |a щелочная хрупкость 
610 1 |a сварные швы 
610 1 |a водоподготовка 
610 1 |a обескремнивание 
610 1 |a умягчение 
610 1 |a обессоливание 
675 |a 621.311.22.002.5:621.182.1  |v 4 
702 1 |a Черняев  |b И. И.  |4 340 
712 0 2 |a Академия наук СССР (АН СССР)  |b Энергетический институт им. Г. М. Кржижановского  |b Комиссия по пару высоких параметров  |c (Москва)  |c (1930-1961)  |2 stltpush  |3 (RuTPU)RU\TPU\col\14865 
801 1 |a RU  |b 63413507  |c 20160406 
801 2 |a RU  |b 63413507  |c 20171027  |g RCR 
942 |c BK